Statistics for Every NCAA Division I School in California

Click here to take the quiz!

General Stats

  • This quiz has been taken 36 times
  • The average score is 17 of 25

Answer Stats

AnswerConference% Correct
CaliforniaPac-12
100%
Southern CaliforniaPac-12
100%
StanfordPac-12
100%
UCLAPac-12
100%
San DiegoWCC
97%
San Diego StateMountain West
90%
Fresno StateMountain West
79%
San FranciscoWCC
79%
San Jose StateMountain West
76%
UC IrvineBig West
76%
UC DavisBig West
66%
Cal State BakersfieldBig West
62%
Sacramento StateBig Sky
62%
Long Beach StateBig West
59%
PepperdineWCC
59%
UC Santa BarbaraBig West
59%
Cal State FullertonBig West
55%
Santa ClaraWCC
52%
St. Mary'sWCC
52%
UC RiversideBig West
52%
Cal PolyBig West
48%
PacificWCC
48%
Loyola MarymountWCC
41%
Cal State NorthridgeBig West
38%
California BaptistWAC
34%

Score Distribution

Percentile by Number Answered

Percent of People with Each Score

Your Score History

You have not taken this quiz